Practicing to take the GRE general test : We prepare the Tests - Let us help prepare you!
Verbal and quantitative sections from seven actual GRE general tests; sample analytical writing topics, responses, and scoring information; a review of the mathematical skills needed for the GRE general test; strategies for taking the GRE general test.
Gardado en:
| Formato: | Libro |
|---|---|
| Idioma: | Undetermined |
| Publicado: |
Education Testing Service
2003
|
| Những chủ đề: | |
| Các nhãn: |
Engadir etiqueta
Sen Etiquetas, Sexa o primeiro en etiquetar este rexistro!
|
| Thư viện lưu trữ: | Trung tâm Học liệu Trường Đại học Cần Thơ |
|---|
| LEADER | 00880nam a2200181Ia 4500 | ||
|---|---|---|---|
| 001 | CTU_164972 | ||
| 008 | 210402s9999 xx 000 0 und d | ||
| 020 | |c 21 | ||
| 082 | |a 428.24 | ||
| 082 | |b P895 | ||
| 245 | 0 | |a Practicing to take the GRE general test : | |
| 245 | 0 | |b We prepare the Tests - Let us help prepare you! | |
| 260 | |b Education Testing Service | ||
| 260 | |c 2003 | ||
| 520 | |a Verbal and quantitative sections from seven actual GRE general tests; sample analytical writing topics, responses, and scoring information; a review of the mathematical skills needed for the GRE general test; strategies for taking the GRE general test. | ||
| 650 | |a English language,Anh ngữ thực hành | ||
| 650 | |x Textbooks for foreign speakers,Sách giáo khoa cho người nói tiếng nước ngoài | ||
| 980 | |a Trung tâm Học liệu Trường Đại học Cần Thơ | ||